|
|
|
|
| LEADER |
01220naa a2200289 i 4500 |
| 001 |
acta78448 |
| 005 |
20230316140110.0 |
| 008 |
230316s2022 hu o 1|| eng d |
| 020 |
|
|
|a 978-963-306-904-2
|
| 040 |
|
|
|a SZTE Egyetemi Kiadványok Repozitórium
|b hun
|
| 041 |
|
|
|a eng
|
| 100 |
1 |
|
|a Nicola Roxana
|
| 245 |
1 |
0 |
|a Magnetic nanocomposites with mesoporous structures
|h [elektronikus dokumentum] :
|b a promising adsorbent for the removal of anionic and cationic dyes from aqueous solutions : [abstract] /
|c Nicola Roxana
|
| 260 |
|
|
|c 2022
|
| 300 |
|
|
|a 36
|
| 490 |
0 |
|
|a Proceedings of the International Symposium on Analytical and Environmental Problems
|v 28
|
| 650 |
|
4 |
|a Természettudományok
|
| 650 |
|
4 |
|a Kémiai tudományok
|
| 695 |
|
|
|a Kémia - előadáskivonat
|
| 700 |
0 |
1 |
|a Muntean Simona-Gabriela
|e aut
|
| 700 |
0 |
1 |
|a Nistor Maria-Andreea
|e aut
|
| 700 |
0 |
1 |
|a Putz Ana-Maria
|e aut
|
| 700 |
0 |
1 |
|a Ianăşi Cătălin
|e aut
|
| 700 |
0 |
1 |
|a Almásy László
|e aut
|
| 700 |
0 |
1 |
|a Săcărescu Liviu
|e aut
|
| 711 |
|
|
|a 28th International Symposium on Analytical and Environmental Problems
|c Szeged
|d 2022. november 14-15.
|
| 856 |
4 |
0 |
|u http://acta.bibl.u-szeged.hu/78448/1/proceedings_of_isaep_2022_036.pdf
|z Dokumentum-elérés
|